MAASAI MARA UNIVERSITY

LIBRARY CATALOGUE

Contact Us: +254 020 2685356/7 or 0774 057787

Box: 861-20500, NAROK, KENYA

Email: info@mmarau.ac.ke

Nursing pharmacology / (Record no. 16230)

MARC details
000 -LEADER
fixed length control field 01388nam a22003497a 4500
003 - CONTROL NUMBER IDENTIFIER
control field OSt
005 - DATE AND TIME OF LATEST TRANSACTION
control field 20230208072036.0
008 - FIXED-LENGTH DATA ELEMENTS--GENERAL INFORMATION
fixed length control field 160125b xxu||||| |||| 00| 0 eng d
010 ## - LIBRARY OF CONGRESS CONTROL NUMBER
LC control number 95036828
020 ## - INTERNATIONAL STANDARD BOOK NUMBER
International Standard Book Number 0815172451 (pbk.)
040 ## - CATALOGING SOURCE
Original cataloging agency MMU
Transcribing agency MMU
Modifying agency MMU
Language of cataloging eng
050 10 - LIBRARY OF CONGRESS CALL NUMBER
Classification number RM125
Item number .R65 1996
060 10 - NATIONAL LIBRARY OF MEDICINE CALL NUMBER
Classification number QV 18.2 R749n 1996
082 00 - DEWEY DECIMAL CLASSIFICATION NUMBER
Classification number 615/.1
Edition number 20
100 1# - MAIN ENTRY--PERSONAL NAME
Personal name Rollant, Paulette D.
245 10 - TITLE STATEMENT
Title Nursing pharmacology /
Statement of responsibility, etc. Paulette D. Rollant, Karen Hill.
260 ## - PUBLICATION, DISTRIBUTION, ETC. (IMPRINT)
Place of publication, distribution, etc. St. Louis, MO :
Name of publisher, distributor, etc. Mosby-Year Book,
Date of publication, distribution, etc. c1996.
300 ## - PHYSICAL DESCRIPTION
Extent xxix, 369 p. :
Other physical details ill. ;
Dimensions 24 cm. +
Accompanying material 2 computer disks (3 1/2 in.)
440 #0 - SERIES STATEMENT/ADDED ENTRY--TITLE
Title Mosby's review series
504 ## - BIBLIOGRAPHY, ETC. NOTE
Bibliography, etc Includes bibliographical references (p. 355) and index.
538 ## - SYSTEM DETAILS NOTE
System details note System requirements for accompanying computer disks: IBM PC or compatible system; DOS; or Macintosh with at least 1 MB of RAM.
650 #0 - SUBJECT ADDED ENTRY--TOPICAL TERM
Topical term or geographic name as entry element Pharmacology
Form subdivision Outlines, syllabi, etc.
650 #0 - SUBJECT ADDED ENTRY--TOPICAL TERM
Topical term or geographic name as entry element Nursing
Form subdivision Outlines, syllabi, etc.
650 12 - SUBJECT ADDED ENTRY--TOPICAL TERM
Topical term or geographic name as entry element Pharmacology, Clinical
General subdivision outlines.
650 22 - SUBJECT ADDED ENTRY--TOPICAL TERM
Topical term or geographic name as entry element Pharmacology, Clinical
General subdivision nurses' instruction.
650 22 - SUBJECT ADDED ENTRY--TOPICAL TERM
Topical term or geographic name as entry element Drug Therapy
General subdivision outlines.
650 22 - SUBJECT ADDED ENTRY--TOPICAL TERM
Topical term or geographic name as entry element Drug Therapy
General subdivision nurses' instruction.
700 1# - ADDED ENTRY--PERSONAL NAME
Personal name Hill, Karen,
Titles and other words associated with a name RN.
906 ## - LOCAL DATA ELEMENT F, LDF (RLIN)
a 7
b cbc
c orignew
d 1
e ocip
f 19
g y-gencatlg
942 ## - ADDED ENTRY ELEMENTS (KOHA)
Source of classification or shelving scheme Library of Congress Classification
Koha item type L
Holdings
Withdrawn status Lost status Source of classification or shelving scheme Damaged status Not for loan Home library Current library Date acquired Source of acquisition Total Checkouts Full call number Barcode Date last seen Price effective from Koha item type
    Library of Congress Classification     Maasai Mara University Library -Main Campus Maasai Mara University Library -Main Campus 01/25/2016 Donation   RM125 .R65 1996 201515393 01/25/2016 01/25/2016 L
© 2016 Maasai Mara University.